00438 2200181 4500001002100000005001500021035002000036008004100056245003800097100002100135250000600156260003400162300001200196084001400208082000800222650001400230990001200244INLIS00000000000020620240502114453 a0010-0424000182240502 0 ind 1 aPengikat Surga /cHisani Bent Soe aBent Soe, Hisani a1 aSolo :bTiga Serangkai,c2011 a370 hlm a200 HIS p a200 4aNon Fiksi a0732448